Registračná povinnosť tuzemských zdaniteľných osôb v roku 2018

Registračná povinnosť pre daň z pridanej hodnoty (DPH) v tuzemsku sa podľa zákona č. 222/2004 Z. z. o dani z pridanej hodnoty v z. n. p. vzťahuje na tuzemské zdaniteľné osoby (registrácia podľa § 4, § 4b, § 7 a § 7a zákona o DPH) a na zahraničné zdaniteľné osoby (registrácia podľa § 5 a § 6 zákona o...

Description complète

Enregistré dans:
Détails bibliographiques
Auteur principal: Rabatinová, Marcela, 1977-
Format: Chapitre de livre
Langue:slovaque
Sujets:
Tags: Ajouter un tag
Pas de tags, Soyez le premier à ajouter un tag!

MARC

LEADER 00000naa a2200000 4500
001 0247850
005 20240502073950.9
041 0 |a slo 
044 |a SK 
245 1 0 |a Registračná povinnosť tuzemských zdaniteľných osôb v roku 2018  |c Marcela Rabatinová 
520 |a Registračná povinnosť pre daň z pridanej hodnoty (DPH) v tuzemsku sa podľa zákona č. 222/2004 Z. z. o dani z pridanej hodnoty v z. n. p. vzťahuje na tuzemské zdaniteľné osoby (registrácia podľa § 4, § 4b, § 7 a § 7a zákona o DPH) a na zahraničné zdaniteľné osoby (registrácia podľa § 5 a § 6 zákona o DPH). Zmenu registrácie zahraničných osôb upravuje § 6a zákona o DPH. 
610 2 0 |a dane 
610 2 0 |a podnikanie 
610 2 0 |a podnikatelia 
610 2 0 |a dane z hodnoty pridanej 
610 2 0 |a osoby fyzické 
610 2 0 |a osoby právnické 
610 2 0 |a osoby zahraničné 
100 1 |a Rabatinová, Marcela, 1977-